[Event "Agzamov Memorial 17th"]
[Site "Tashkent"]
[Date "2024.04.01"]
[Round "8"]
[White "Atabayev, Saparmyrat"]
[Black "Rasulov, Vugar Ural Oglu"]
[Result "1-0"]
[WhiteElo "2506"]
[BlackElo "2550"]
[PlyCount "89"]
[EventDate "2024.03.27"]
[EventType "swiss"]
[EventRounds "10"]
[EventCountry "UZB"]
[SourceTitle "CB14_2024"]
[SourceDate "2024.04.01"]
[SourceVersion "1"]
[SourceVersionDate "2024.04.01"]
[SourceQuality "1"]

1. e4 c5 2. Nf3 e6 3. d4 cxd4 4. Nxd4 Nc6 5. Nc3 Qc7 6. Be3 a6 7. Qf3 Nf6 8. 0-0-0 Ne5 9. Qg3 b5 10. f4 Neg4 11. Bg1 h5 12. h3 b4 13. Nd5 exd5 14. hxg4 Nxe4 15. Qe3 Bb7 16. Rxh5 Rxh5 17. gxh5 0-0-0 18. Nb3 Re8 19. Re1 Bd6 20. g3 Re6 21. Nd4 Nxg3 22. Nxe6 dxe6 23. Kb1 Ne4 24. Qd4 f5 25. Be3 Bc5 26. Qd3 Bd6 27. Qd4 Bc5 28. Qd3 a5 29. Bg2 Bd6 30. Qd4 Bc5 31. Qe5 Qxe5 32. fxe5 d4 33. Bf4 Bc6 34. Rg1 d3 35. Bxe4 dxc2+ 36. Kc1 fxe4 37. Rxg7 e3 38. Rg1 Be4 39. Re1 Kd7 40. Bxe3 Be7 41. h6 Ke8 42. Re2 Kf7 43. Rh2 Bh7 44. Rf2+ Ke8 45. Rxc2 1-0

[Event "Belt and Road op 3rd"]
[Site "Qinhuangdao"]
[Date "2023.11.21"]
[Round "4"]
[White "Zou, Chen"]
[Black "Atabayev, Saparmyrat"]
[Result "1/2-1/2"]
[WhiteElo "2448"]
[BlackElo "2481"]
[PlyCount "160"]
[EventDate "2023.11.19"]
[EventType "swiss"]
[EventRounds "9"]
[EventCountry "CHN"]
[SourceTitle "CB48_2023"]
[SourceDate "2023.11.29"]
[SourceVersion "1"]
[SourceVersionDate "2023.11.29"]
[SourceQuality "1"]

1. e4 e5 2. Nf3 Nc6 3. Bb5 Nf6 4. d3 Bc5 5. c3 0-0 6. 0-0 d6 7. Ba4 a6 8. h3 Ba7 9. Re1 Ne7 10. d4 Ng6 11. Nbd2 c6 12. Nf1 d5 13. Nxe5 Nxe4 14. Be3 Bb8 15. Bc2 Nxe5 16. dxe5 Bxe5 17. Bxe4 dxe4 18. Bc5 Qxd1 19. Raxd1 Re8 20. Rxe4 Bf5 21. Re3 Bc7 22. Rxe8+ Rxe8 23. Ne3 Be6 24. b3 f5 25. Bd6 Bd8 26. Be5 Bb6 27. c4 g5 28. Bd4 Bc7 29. Bf6 h6 30. Kf1 Kf7 31. Bc3 b5 32. cxb5 axb5 33. g4 fxg4 34. hxg4 Ra8 35. Ra1 Bb6 36. Nf5 h5 37. Nd6+ Ke7 38. Nf5+ Kf7 39. Nd6+ Kg6 40. gxh5+ Kxh5 41. Ke2 Bd5 42. Nf5 g4 43. Bd4 c5 44. Be3 Bf3+ 45. Kf1 b4 46. Ke1 Rd8 47. Rc1 Rd7 48. Kf1 Rd8 49. Ng7+ Kg6 50. Ne6 Re8 51. Nf4+ Kf5 52. Nh5 Rc8 53. Ke1 Ke5 54. Nf4 Rd8 55. Ng6+ Ke6 56. Nf4+ Ke5 57. Ng6+ Kd6 58. Nf4 Kc6 59. Ne6 Re8 60. Nd4+ Kd5 61. Nxf3 gxf3 62. Kd2 Ra8 63. Rc2 Ra5 64. Kd3 Ra8 65. Kd2 Ra5 66. Kd3 Ra7 67. Kd2 Rh7 68. Rc4 Rh1 69. Kc2 Re1 70. Kd3 Rd1+ 71. Bd2 Bd8 72. Rc1 Rxc1 73. Bxc1 Bf6 74. Bf4 Bd4 75. Bg3 Bf6 76. Ke3 c4 77. bxc4+ Kxc4 78. Kxf3 Bd4 79. Bd6 b3 80. axb3+ Kxb3 1/2-1/2

[Event "AI Cup Play In"]
[Site "Chess.com INT"]
[Date "2023.09.18"]
[Round "7"]
[White "Yuan, Qingyu"]
[Black "Atabayev, Saparmyrat"]
[Result "1-0"]
[WhiteElo "2380"]
[BlackElo "2461"]
[PlyCount "125"]
[EventDate "2023.09.18"]
[EventType "swiss (rapid)"]
[EventRounds "9"]
[EventCountry "USA"]
[SourceTitle "EXT 2024"]
[Source "ChessBase"]
[SourceDate "2023.10.10"]
[SourceVersion "1"]
[SourceVersionDate "2023.10.10"]
[SourceQuality "1"]

1. e4 c5 2. Nf3 d6 3. Bb5+ Nd7 4. c3 Ngf6 5. Qe2 a6 6. Ba4 e5 7. 0-0 Be7 8. d4 b5 9. Bc2 cxd4 10. cxd4 0-0 11. a3 Bb7 12. Nc3 Rc8 13. Rd1 Qc7 14. Nh4 g6 15. Nf3 Rfe8 16. Bg5 Nh5 17. Be3 Nb6 18. dxe5 dxe5 19. Nxe5 Na4 20. Bxa4 Qxe5 21. Bb3 Nf6 22. Bd4 Qg5 23. Be3 Qh4 24. f3 Bc5 25. Bxc5 Rxc5 26. Qf2 Qh5 27. Rd6 Rc6 28. Rxc6 Bxc6 29. Qb6 Rc8 30. Kh1 a5 31. Qa6 Rc7 32. Qxa5 Qe5 33. Rd1 Kg7 34. Qb6 Qe7 35. Ba2 h5 36. h3 h4 37. Qd4 Rd7 38. Qf2 Nh5 39. Rxd7 Bxd7 40. Qd4+ Kh7 41. Ne2 Be6 42. Bxe6 Qxe6 43. Qd5 Qe7 44. Qxb5 Qa7 45. Qc4 Qf2 46. Qxf7+ Kh6 47. Qf8+ Kh7 48. Qe7+ Kh6 49. Qf8+ Kh7 50. Qf7+ Kh8 51. Qxg6 Ng3+ 52. Nxg3 hxg3 53. Qe8+ Kg7 54. Qd7+ Kg8 55. Qd5+ Kg7 56. Qd7+ Kf6 57. Qc6+ Kg5 58. Qc1+ Kh5 59. Qa1 Kg5 60. a4 Qd2 61. a5 Kf4 62. a6 Qxb2 63. Qxb2 1-0

[Event "Aktobe Dvorkovich op"]
[Site "Aktobe"]
[Date "2023.06.26"]
[Round "8"]
[White "Nurgaliyeva, Zarina"]
[Black "Atabayev, Saparmyrat"]
[Result "0-1"]
[WhiteElo "1830"]
[BlackElo "2433"]
[PlyCount "94"]
[EventDate "2023.06.20"]
[EventType "swiss"]
[EventRounds "9"]
[EventCountry "KAZ"]
[SourceTitle "CBM 214 Extra"]
[Source "ChessBase"]
[SourceDate "2023.07.31"]
[SourceVersion "1"]
[SourceVersionDate "2023.07.31"]
[SourceQuality "1"]

1. e4 c5 2. Nf3 e6 3. c3 d5 4. exd5 Qxd5 5. d4 Nf6 6. Na3 Be7 7. Be3 Ng4 8. Bd3 cxd4 9. Nb5 Na6 10. cxd4 Bd7 11. Nc3 Qa5 12. 0-0 Nb4 13. Be2 Bc6 14. h3 Nxe3 15. fxe3 Nd5 16. Qd3 0-0 17. Ne5 Bg5 18. Nxc6 bxc6 19. Nxd5 cxd5 20. Rfc1 Rfc8 21. a3 g6 22. b4 Qd8 23. Qd2 Qd6 24. Rc3 e5 25. Rf1 Rxc3 26. Qxc3 e4 27. Re1 Qg3 28. Ba6 Be7 29. Re2 Bd6 30. Kf1 Qh2 31. Ke1 Re8 32. Kd2 Re7 33. Qc6 Rc7 34. Qxd5 Bg3 35. Bb7 Qg1 36. Bc6 Qa1 37. Qxe4 Qxa3 38. d5 a5 39. bxa5 Qxa5+ 40. Kc1 Qa3+ 41. Kb1 Qb3+ 42. Kc1 Bd6 43. Rc2 Re7 44. Qc4 Qxe3+ 45. Kb1 Qe1+ 46. Ka2 Re3 47. Qa4 Be5 0-1

[Event "Aktobe Dvorkovich op"]
[Site "Aktobe"]
[Date "2023.06.24"]
[Round "6"]
[White "Daneshvar, Bardiya"]
[Black "Atabayev, Saparmyrat"]
[Result "1-0"]
[WhiteElo "2555"]
[BlackElo "2433"]
[PlyCount "103"]
[EventDate "2023.06.20"]
[EventType "swiss"]
[EventRounds "9"]
[EventCountry "KAZ"]
[SourceTitle "CBM 214 Extra"]
[Source "ChessBase"]
[SourceDate "2023.07.31"]
[SourceVersion "1"]
[SourceVersionDate "2023.07.31"]
[SourceQuality "1"]

1. c4 e5 2. g3 Nf6 3. Bg2 c6 4. Nf3 e4 5. Nd4 d5 6. d3 Bb4+ 7. Nc3 dxc4 8. dxe4 0-0 9. 0-0 Re8 10. Nc2 Qxd1 11. Rxd1 Bc5 12. Be3 Na6 13. Bxc5 Nxc5 14. Ne3 Be6 15. Rd4 Rad8 16. Rad1 Rxd4 17. Rxd4 Ncd7 18. f4 Nb6 19. Bf3 g6 20. Kf2 Kf8 21. e5 Nfd7 22. Ne4 Ke7 23. g4 f6 24. exf6+ Nxf6 25. Nc5 Bc8 26. g5 Nfd7 27. Nxd7 Bxd7 28. Nxc4 Nxc4 29. Rxc4 Kd6 30. Rd4+ Kc7 31. h4 Rf8 32. Kg3 c5 33. Rd1 b5 34. e4 Be6 35. Bg4 Bxa2 36. Ra1 Bg8 37. Rxa7+ Kb6 38. Rd7 c4 39. f5 b4 40. f6 b3 41. e5 c3 42. bxc3 Rc8 43. f7 Rxc3+ 44. Bf3 Rxf3+ 45. Kxf3 Bxf7 46. e6 Be8 47. Rd3 Ba4 48. e7 b2 49. e8Q Bxe8 50. Rb3+ Kc6 51. Rxb2 Kd6 52. Kf4 1-0

[Event "Aktobe Dvorkovich op"]
[Site "Aktobe"]
[Date "2023.06.22"]
[Round "3"]
[White "Atabayev, Saparmyrat"]
[Black "Petrosyan, Manuel"]
[Result "1/2-1/2"]
[WhiteElo "2433"]
[BlackElo "2629"]
[PlyCount "104"]
[EventDate "2023.06.20"]
[EventType "swiss"]
[EventRounds "9"]
[EventCountry "KAZ"]
[SourceTitle "CBM 214 Extra"]
[Source "ChessBase"]
[SourceDate "2023.07.31"]
[SourceVersion "1"]
[SourceVersionDate "2023.07.31"]
[SourceQuality "1"]

1. e4 c6 2. d4 d5 3. e5 Bf5 4. Nf3 e6 5. Be2 Nd7 6. 0-0 Ne7 7. Nbd2 h6 8. Re1 Bh7 9. Nb3 Ng6 10. Bd2 Be7 11. c4 dxc4 12. Na5 Rb8 13. Nxc4 0-0 14. Qb3 c5 15. dxc5 Bxc5 16. Be3 b5 17. Nd6 Bxe3 18. Qxe3 Ndxe5 19. Nxb5 Nxf3+ 20. Qxf3 Nh4 21. Qg3 a6 22. Rad1 Qa5 23. Qxh4 axb5 24. b4 Qxa2 25. Rd7 Bg6 26. Qd4 Qc2 27. h4 Qe4 28. Qxe4 Bxe4 29. Rc1 Rfc8 30. Rcc7 Rxc7 31. Rxc7 Rb6 32. Rc8+ Kh7 33. h5 g6 34. f3 Bd5 35. Bd3 Kg7 36. hxg6 fxg6 37. Kf2 Rc6 38. Rb8 Bc4 39. Bxc4 bxc4 40. b5 Rc5 41. b6 Rb5 42. Ke3 e5 43. Ke4 Kf6 44. b7 Kg7 45. g4 Kh7 46. Rc8 Rxb7 47. Kxe5 g5 48. Rxc4 Rf7 49. f4 gxf4 50. Rxf4 Rg7 51. Kf6 Rg6+ 52. Kf7 Rg7+ 1/2-1/2

[Event "Asian Continental op 20th"]
[Site "Almaty"]
[Date "2023.06.06"]
[Round "4"]
[White "Dushyant, Sharma"]
[Black "Atabayev, Saparmyrat"]
[Result "1/2-1/2"]
[WhiteElo "2345"]
[BlackElo "2433"]
[PlyCount "60"]
[EventDate "2023.06.04"]
[EventType "swiss"]
[EventRounds "9"]
[EventCountry "KAZ"]
[SourceTitle "CBM 214 Extra"]
[Source "ChessBase"]
[SourceDate "2023.07.31"]
[SourceVersion "1"]
[SourceVersionDate "2023.07.31"]
[SourceQuality "1"]

1. e4 e5 2. Nf3 Nc6 3. Nc3 Nf6 4. Bb5 Nd4 5. Nxd4 exd4 6. e5 dxc3 7. exf6 Qxf6 8. dxc3 Bc5 9. Qe2+ Qe6 10. Bc4 Qxe2+ 11. Kxe2 0-0 12. Re1 Re8+ 13. Kf1 Rxe1+ 14. Kxe1 c6 15. Bd3 d5 16. Bd2 Be6 17. Kf1 d4 18. Re1 a5 19. a4 h6 20. Re5 Bd6 21. Re1 dxc3 22. Bxc3 Kf8 23. h3 Bb4 24. Bxb4+ axb4 25. b3 c5 26. Re5 b6 27. Bf5 Bxf5 28. Rxf5 Ke7 29. Ke2 Ke6 30. Rf3 Ra7 1/2-1/2

[Event "Titled Tuesday intern op 02nd May Early"]
[Site "Chess.com INT"]
[Date "2023.05.02"]
[Round "4"]
[White "Danielyan, Vahe"]
[Black "Atabayev, Saparmyrat"]
[Result "1-0"]
[WhiteElo "2346"]
[BlackElo "2443"]
[PlyCount "87"]
[EventDate "2023.05.02"]
[EventType "swiss (blitz)"]
[EventRounds "11"]
[EventCountry "USA"]
[SourceTitle "EXT 2024"]
[Source "ChessBase"]
[SourceDate "2023.10.10"]
[SourceVersion "1"]
[SourceVersionDate "2023.10.10"]
[SourceQuality "1"]

1. d4 d5 2. c4 e6 3. Nc3 Nf6 4. Bg5 Be7 5. Nf3 0-0 6. e3 a6 7. Qc2 h6 8. Bxf6 Bxf6 9. h4 dxc4 10. Bxc4 b5 11. Be2 Nd7 12. g4 Be7 13. g5 h5 14. 0-0-0 Bb7 15. Rhg1 g6 16. Ne5 Nb6 17. Nxg6 b4 18. Nxf8 Bxf8 19. Ne4 Bg7 20. Nf6+ Kf8 21. Qc5+ Qd6 22. Qxd6+ cxd6 23. Kb1 a5 24. Rc1 a4 25. Rc7 Bd5 26. Rgc1 Bxf6 27. gxf6 a3 28. b3 Be4+ 29. Ka1 Kg8 30. Rg1+ Kh8 31. Rxf7 Rc8 32. Re7 Nd5 33. Rxe6 Bf5 34. Rxd6 Nc3 35. Bc4 Ne4 36. Rb6 Kh7 37. f7 Bg4 38. Rxg4 hxg4 39. Re6 Nxf2 40. Re8 g3 41. f8Q g2 42. Re7+ Kg6 43. Qg7+ Kf5 44. Qg5# 1-0

[Event "Asian Continental Blitz op 19th"]
[Site "Delhi"]
[Date "2022.11.03"]
[Round "9"]
[White "Atabayev, Saparmyrat"]
[Black "Yakubboev, Nodirbek"]
[Result "0-1"]
[WhiteElo "2433"]
[BlackElo "2667"]
[PlyCount "106"]
[EventDate "2022.11.03"]
[EventType "swiss (blitz)"]
[EventRounds "9"]
[EventCountry "IND"]
[SourceTitle "EXT 2024"]
[Source "ChessBase"]
[SourceDate "2023.10.10"]
[SourceVersion "1"]
[SourceVersionDate "2023.10.10"]
[SourceQuality "1"]

1. e4 c6 2. d4 d5 3. Nc3 dxe4 4. Nxe4 Nf6 5. Nxf6+ exf6 6. Nf3 Bd6 7. Bd3 0-0 8. 0-0 Re8 9. Re1 Be6 10. c4 Nd7 11. Nh4 Nf8 12. Nf5 Bc7 13. Be3 g6 14. Ng3 f5 15. Qd2 Qh4 16. f4 Rad8 17. Rad1 Bc8 18. Qf2 Rxe3 19. Qxe3 Bxf4 20. Qe7 Bg5 21. Qe2 Qxd4+ 22. Kh1 Qh4 23. Bc2 Be6 24. b3 Rxd1 25. Rxd1 Nd7 26. Nf1 Bd8 27. Qe1 Qe7 28. Nd2 Bc7 29. Nf3 Nf6 30. Qh4 Kg7 31. Ng5 h6 32. Nf3 Qa3 33. Nd4 Bc8 34. Qe1 Ng4 35. h3 Nf6 36. Nf3 Qc5 37. Qc3 Qe7 38. Re1 Be6 39. c5 Kh7 40. Nd4 Nd5 41. Qc4 Qf6 42. Nxe6 fxe6 43. Qe2 e5 44. Bd3 e4 45. Bc4 Qe5 46. g4 Nf6 47. Qg2 f4 48. h4 f3 49. Qh3 Nxg4 50. Rf1 h5 51. Bf7 Qf4 52. Be6 Kh6 53. Bc8 Qd2 0-1

[Event "Asian Continental op 19th"]
[Site "Delhi"]
[Date "2022.11.02"]
[Round "8"]
[White "Atabayev, Saparmyrat"]
[Black "Narayanan, Sunilduth Lyna"]
[Result "0-1"]
[WhiteElo "2433"]
[BlackElo "2663"]
[PlyCount "122"]
[EventDate "2022.10.26"]
[EventType "swiss"]
[EventRounds "9"]
[EventCountry "IND"]
[SourceTitle "EXT 2024"]
[Source "ChessBase"]
[SourceDate "2023.10.10"]
[SourceVersion "1"]
[SourceVersionDate "2023.10.10"]
[SourceQuality "1"]

1. e4 c5 2. Nf3 Nc6 3. d4 cxd4 4. Nxd4 e5 5. Nb5 d6 6. N1c3 a6 7. Na3 Rb8 8. Nc4 Be6 9. Ne3 Nf6 10. Bc4 Be7 11. 0-0 b5 12. Bb3 0-0 13. Ned5 Na5 14. Nxe7+ Qxe7 15. Bg5 Nc4 16. Bxc4 Bxc4 17. Nd5 Bxd5 18. Bxf6 Qxf6 19. Qxd5 Rfc8 20. c3 g6 21. Rfd1 Rb6 22. Rd2 Kg7 23. Rad1 Rc5 24. Qd3 Qf4 25. g3 Qg5 26. Qf3 Qe7 27. Rd5 Rcc6 28. a3 h5 29. h4 Qe6 30. Kg2 Qc8 31. R1d3 a5 32. Qd1 Qg4 33. Qe1 Rc4 34. f3 Qe6 35. Qe3 Rcc6 36. Rd2 Qc8 37. Kh2 b4 38. axb4 axb4 39. c4 b3 40. f4 exf4 41. gxf4 Qg4 42. Qd4+ f6 43. Qf2 Rxc4 44. Re2 Rbc6 45. Rdd2 Rc2 46. Rxc2 bxc2 47. Rxc2 Rxc2 48. Qxc2 Qxf4+ 49. Kg2 Qg4+ 50. Kf1 Qh3+ 51. Kg1 Qxh4 52. Qc7+ Kh6 53. Qxd6 Qe1+ 54. Kh2 Qf2+ 55. Kh1 Qxb2 56. Qf4+ g5 57. Qd6 h4 58. Qf8+ Kh5 59. Qf7+ Kg4 60. Qd7+ Kf4 61. Qf5+ Kg3 0-1

[Event "TUR-chT 1st League"]
[Site "Konya"]
[Date "2022.08.27"]
[Round "8.1"]
[White "Atabayev, Saparmyrat"]
[Black "Demchenko, Anton"]
[Result "1/2-1/2"]
[WhiteElo "2430"]
[BlackElo "2640"]
[PlyCount "97"]
[EventDate "2022.08.22"]
[EventType "team-swiss"]
[EventRounds "9"]
[EventCountry "TUR"]
[SourceTitle "CBM 209 Extra"]
[Source "ChessBase"]
[SourceDate "2022.09.30"]
[SourceVersion "1"]
[SourceVersionDate "2022.09.30"]
[SourceQuality "1"]
[WhiteTeam "Ankara Dernegi"]
[BlackTeam "Hukukcu Fenerbahceliler"]
[WhiteTeamCountry "TUR"]
[BlackTeamCountry "TUR"]

1. e4 e5 2. Nf3 Nc6 3. Bb5 a6 4. Ba4 d6 5. 0-0 Nf6 6. Re1 Bg4 7. c3 g6 8. h3 Bxf3 9. Qxf3 Bg7 10. d4 Nd7 11. dxe5 Ncxe5 12. Qg3 Bf6 13. Bc2 g5 14. Nd2 h5 15. Nf1 g4 16. Ne3 Bh4 17. Qh2 Qf6 18. Nf5 0-0-0 19. Bf4 Rdg8 20. Rad1 Kb8 21. Bb3 Ka8 22. Rd5 Bg5 23. Bxg5 Rxg5 24. h4 Rgg8 25. Kh1 Nf8 26. Qg3 Nfg6 27. Ra5 Kb8 28. Rd1 Ne7 29. Ne3 Rf8 30. Kg1 N5g6 31. Nd5 Nxd5 32. Rdxd5 Nf4 33. Rd2 Ng6 34. Rdd5 Ne5 35. Rxe5 dxe5 36. Rxe5 Qd6 37. Kh2 f6 38. Rf5 Qd2 39. Qf4 Qxf4+ 40. Rxf4 c6 41. Rf5 Kc7 42. Kg3 Kd6 43. Kf4 Rh6 44. Bd1 Rd8 45. Be2 Kc7 46. Ke3 Re8 47. Kf4 Rd8 48. Ke3 Re8 49. Kf4 1/2-1/2